000 00558nam a22001697a 4500
005 20251108164311.0
008 250721s1993 xx 000 0 ara d
082 1 4 _a355.3432/ارج
100 1 _aأرجمان، يوسف
245 1 0 _aثلاثون قضية إستخبارية و أمنية في إسرائيل /
264 1 _aعمان :
_bدار الجليل للنشر والدراسات والأبحاث الفلسطينية،
_c1993.
300 _a311ص
650 1 7 _aالموساد
650 1 7 _aالجواسيس
942 _2ddc
_cBK
999 _c8757
_d8757